Plato's Republic (Record no. 92737)
[ view plain ]
| 000 -LEADER | |
|---|---|
| fixed length control field | 01280nam a2200361 a 4500 |
| 100 1# - MAIN ENTRY--AUTHOR NAME | |
| Personal name | Purshouse, Luke. |
| 245 10 - TITLE STATEMENT | |
| Title | Plato's Republic |
| 260 ## - PUBLICATION, DISTRIBUTION, ETC. (IMPRINT) | |
| Place of publication | London ; |
| -- | New York : |
| Name of publisher | Continuum, |
| Year of publication | c2006. |
| 300 ## - PHYSICAL DESCRIPTION | |
| Number of Pages | v, 161 p. |
| 490 1# - SERIES STATEMENT | |
| Series statement | Continuum reader's guides |
| 500 ## - GENERAL NOTE | |
| General note | Includes index. |
| 856 40 - ELECTRONIC LOCATION AND ACCESS | |
| Uniform Resource Identifier | http://site.ebrary.com/lib/rucke/Doc?id=10403714 |
No items available.
